[Event "POL-ch Academic"]
[Site "Chorzow"]
[Date "2022.04.01"]
[Round "3"]
[White "Wyszomirski, Krzysztof"]
[Black "Pacan Milej, Kosma"]
[Result "1/2-1/2"]
[WhiteElo "1841"]
[BlackElo "2145"]
[PlyCount "114"]
[EventDate "2022.04.01"]
[EventType "swiss (rapid)"]
[EventRounds "9"]
[EventCountry "POL"]
[SourceTitle "EXT 2024"]
[Source "ChessBase"]
[SourceDate "2023.10.10"]
[SourceVersion "1"]
[SourceVersionDate "2023.10.10"]
[SourceQuality "1"]

1. e4 c6 2. d4 d5 3. Nd2 dxe4 4. Nxe4 Nf6 5. Nxf6+ exf6 6. Nf3 Bd6 7. Bd3 0-0 8. 0-0 Bg4 9. Re1 Nd7 10. c3 Qc7 11. h3 Bh5 12. Be3 Rfe8 13. Be2 Nb6 14. Qd3 Nd5 15. Bd2 Bg6 16. Qc4 b5 17. Qb3 Nb6 18. Bf1 a5 19. Rxe8+ Rxe8 20. Re1 Rxe1 21. Nxe1 a4 22. Qd1 Qe7 23. Bd3 Qe6 24. Bxg6 hxg6 25. b3 Qe4 26. Qf3 Qe6 27. Qd1 Bc7 28. Nd3 axb3 29. axb3 Qe4 30. Nc5 Qd5 31. Qe2 Kh7 32. Qe4 Bd6 33. Qxd5 Nxd5 34. Ne4 Be7 35. Kf1 f5 36. Ng3 Bd6 37. Ke2 f6 38. c4 bxc4 39. bxc4 Nc7 40. Kd3 Bxg3 41. fxg3 g5 42. Ba5 Ne6 43. d5 cxd5 44. cxd5 Nc5+ 45. Kc4 Nd7 46. d6 Kg6 47. Kd5 Kf7 48. Bd2 Ne5 49. Be3 Nd7 50. Bd4 g4 51. Be3 gxh3 52. gxh3 Nf8 53. Bf4 Nd7 54. Be3 Ne5 55. Bd4 Nd7 56. Be3 Ne5 57. Bd4 Nd7 1/2-1/2

[Event "Milanowek-ch"]
[Site "Milanowek"]
[Date "2014.06.27"]
[Round "9"]
[White "Szustakowski, Antoni"]
[Black "Wyszomirski, Krzysztof"]
[Result "1/2-1/2"]
[WhiteElo "1655"]
[BlackElo "1810"]
[PlyCount "59"]
[EventDate "2014.06.21"]
[EventType "swiss"]
[EventRounds "9"]
[EventCountry "POL"]
[SourceTitle "CBM 161 Extra"]
[Source "ChessBase"]
[SourceDate "2014.08.29"]
[SourceVersion "1"]
[SourceVersionDate "2014.08.29"]
[SourceQuality "1"]

1. d4 d5 2. c4 c6 3. e3 Nf6 4. Nc3 e6 5. Nf3 Bd6 6. Qc2 0-0 7. Be2 Re8 8. 0-0 Nbd7 9. e4 dxe4 10. Ng5 Qc7 11. g3 e5 12. Ncxe4 Nxe4 13. Nxe4 exd4 14. Bd3 h6 15. c5 Be5 16. f4 Bf6 17. Nd6 Rf8 18. Re1 Qa5 19. Bh7+ Kh8 20. Re8 d3 21. Qxd3 Qxc5+ 22. Be3 Qd5 23. Qxd5 cxd5 24. Rxc8 Raxc8 25. Nxc8 Rxc8 26. Bf5 Rc7 27. Rd1 g6 28. Bh3 Nb6 29. b3 d4 30. Bxd4 1/2-1/2

[Event "Warsaw YMCA Spring-B 139th"]
[Site "Warsaw"]
[Date "2014.05.29"]
[Round "8"]
[White "Wyszomirski, Krzysztof"]
[Black "Lewandrowski, Tomasz"]
[Result "1-0"]
[WhiteElo "1810"]
[BlackElo "1854"]
[PlyCount "75"]
[EventDate "2014.04.08"]
[EventType "tourn"]
[EventRounds "11"]
[EventCountry "POL"]
[SourceTitle "EXT 2015"]
[Source "ChessBase"]
[SourceDate "2014.11.20"]
[SourceVersion "1"]
[SourceVersionDate "2014.11.20"]
[SourceQuality "1"]

1. e4 c5 2. Nf3 g6 3. d4 cxd4 4. Nxd4 Bg7 5. Nc3 Nc6 6. Be3 Nf6 7. Nxc6 bxc6 8. e5 Ng8 9. f4 h5 10. Bd3 d5 11. Bc5 Nh6 12. 0-0 Nf5 13. Qf3 0-0 14. Rae1 Rb8 15. b4 a5 16. a3 axb4 17. axb4 Rxb4 18. Bxb4 Qb6+ 19. Kh1 Qxb4 20. Ne2 Be6 21. c3 Qc5 22. h3 Qe3 23. Qxe3 Nxe3 24. Rf3 Nf5 25. Nd4 Nxd4 26. cxd4 Ra8 27. f5 Bd7 28. fxg6 f6 29. e6 Be8 30. Bf5 Bh6 31. Rb1 Kf8 32. g3 c5 33. Rfb3 Kg7 34. Rb8 Bxg6 35. Bxg6 Rxb8 36. Rxb8 Kxg6 37. dxc5 Kf5 38. c6 1-0

[Event "Warsaw YMCA Spring-B 139th"]
[Site "Warsaw"]
[Date "2014.05.16"]
[Round "6"]
[White "Wyszomirski, Krzysztof"]
[Black "Koziol, Pawel"]
[Result "1/2-1/2"]
[WhiteElo "1810"]
[BlackElo "1892"]
[PlyCount "98"]
[EventDate "2014.04.08"]
[EventType "tourn"]
[EventRounds "11"]
[EventCountry "POL"]
[SourceTitle "EXT 2015"]
[Source "ChessBase"]
[SourceDate "2014.11.20"]
[SourceVersion "1"]
[SourceVersionDate "2014.11.20"]
[SourceQuality "1"]

1. e4 e5 2. Nf3 Nc6 3. Bb5 a6 4. Ba4 Nf6 5. 0-0 Be7 6. Re1 b5 7. Bb3 d6 8. c3 0-0 9. h3 Bb7 10. d4 Re8 11. Nbd2 Bf8 12. a4 h6 13. Bc2 exd4 14. cxd4 Nb4 15. Bb1 c5 16. d5 Nd7 17. Nf1 f5 18. exf5 Nxd5 19. Rxe8 Qxe8 20. Ba2 c4 21. Nd4 Nc5 22. Be3 Nf6 23. Bb1 b4 24. Nd2 d5 25. N2f3 Qh5 26. Bc2 Re8 27. Qf1 Qf7 28. Rd1 Nfe4 29. b3 Bc8 30. Nd2 c3 31. Nxe4 Nxe4 32. g4 Bc5 33. Qg2 Bb7 34. h4 h5 35. gxh5 Qxh5 36. f6 Qf7 37. f3 Nxf6 38. Bg6 Qe7 39. Bf2 c2 40. Bxc2 Bc8 41. Kh1 Qa7 42. Qg5 Qc7 43. Rg1 Bxd4 44. Bxd4 Re2 45. f4 Ng4 46. Qxd5+ Be6 47. Qa8+ Qc8 48. Qxc8+ Bxc8 49. Rc1 Rh2+ 1/2-1/2

[Event "Warsaw YMCA Spring-B 139th"]
[Site "Warsaw"]
[Date "2014.04.11"]
[Round "1"]
[White "Bajkowski, Marcin"]
[Black "Wyszomirski, Krzysztof"]
[Result "0-1"]
[WhiteElo "1853"]
[BlackElo "1810"]
[PlyCount "168"]
[EventDate "2014.04.08"]
[EventType "tourn"]
[EventRounds "11"]
[EventCountry "POL"]
[SourceTitle "EXT 2015"]
[Source "ChessBase"]
[SourceDate "2014.11.20"]
[SourceVersion "1"]
[SourceVersionDate "2014.11.20"]
[SourceQuality "1"]

1. Nf3 c5 2. c4 Nf6 3. Nc3 e6 4. d3 d5 5. Bf4 a6 6. e3 d4 7. Ne4 Nxe4 8. dxe4 Nc6 9. Be2 Qa5+ 10. Qd2 Nb4 11. 0-0 dxe3 12. Bxe3 Be7 13. a3 Nc6 14. Qxa5 Nxa5 15. Rad1 Bd7 16. Bd2 Nc6 17. Bc3 f6 18. e5 f5 19. Rd2 g5 20. Rfd1 Rd8 21. Ne1 g4 22. f4 h5 23. Nc2 Nb8 24. Ne3 Bc6 25. b4 0-0 26. b5 Be4 27. Ba5 Rd4 28. a4 axb5 29. axb5 Nd7 30. Kf2 Ra8 31. Bc3 Rxd2 32. Rxd2 Nb6 33. Bd1 h4 34. Bb2 Kf7 35. Bb3 Rh8 36. Nf1 g3+ 37. Kg1 gxh2+ 38. Kxh2 Rg8 39. Bc3 Rg4 40. Rf2 Bd3 41. Ne3 Rg3 42. Rf3 Rxf3 43. gxf3 Ke8 44. Be1 Be2 45. Kh3 Bxf3 46. Bxh4 Bxh4 47. Kxh4 Be2 48. Kg5 Kf7 49. Kh6 Bd3 50. Kh7 Nd7 51. Bd1 Nxe5 52. fxe5 f4+ 53. Nf5 Bxf5+ 54. Kh6 Bd3 55. b6 Bxc4 56. Kg5 Ke7 57. Kxf4 Bd5 58. Ke3 Kd7 59. Ba4+ Bc6 60. Bd1 Ke7 61. Kd3 Bd5 62. Ke3 Kf7 63. Bh5+ Kg7 64. Kf4 Kh6 65. Bd1 c4 66. Ke3 Kg5 67. Bc2 c3 68. Kd4 Kf4 69. Bd3 Bf3 70. Bc2 Bc6 71. Bd3 Ba4 72. Kxc3 Kxe5 73. Kb4 Bc6 74. Kc5 Kf4 75. Kd6 e5 76. Kc7 e4 77. Ba6 e3 78. Bxb7 Bxb7 79. Kxb7 e2 80. Kc7 e1Q 81. b7 Qe5+ 82. Kc8 Qc5+ 83. Kd7 Qb6 84. Kc8 Qc6+ 0-1

[Event "Warsaw YMCA Autumn-C 129th"]
[Site "Warsaw"]
[Date "2013.12.04"]
[Round "12"]
[White "Chylewski, Patryk"]
[Black "Wyszomirski, Krzysztof"]
[Result "0-1"]
[WhiteElo "1704"]
[BlackElo "1755"]
[PlyCount "120"]
[EventDate "2013.09.16"]
[EventType "tourn"]
[EventRounds "13"]
[EventCountry "POL"]
[SourceTitle "EXT 2015"]
[Source "ChessBase"]
[SourceDate "2014.11.20"]
[SourceVersion "1"]
[SourceVersionDate "2014.11.20"]
[SourceQuality "1"]

1. e4 c5 2. Nf3 e6 3. d4 cxd4 4. Nxd4 Nf6 5. Nc3 a6 6. Bd3 d6 7. Be3 b5 8. a3 Bb7 9. 0-0 Nbd7 10. f4 Qc7 11. Qe2 Be7 12. Bf2 0-0 13. g4 h6 14. g5 hxg5 15. fxg5 Nh7 16. g6 Nhf6 17. gxf7+ Kxf7 18. Bh4 Qc5 19. Qf2 Ne5 20. Kh1 Rh8 21. Nb3 Qxf2 22. Bxf2 Rh3 23. Bg3 Neg4 24. Be2 Rah8 25. Bxg4 Rxg3 26. Bf3 Rgh3 27. Rf2 Ke8 28. Nd2 g5 29. Rg1 Rg8 30. Bg4 Nxg4 31. Rxg4 d5 32. exd5 exd5 33. Kg2 Rgh8 34. Kf1 Rxh2 35. Rxh2 Rxh2 36. Rg2 Rxg2 37. Kxg2 Bf6 38. Kf3 Kf7 39. Kg4 Bc8+ 40. Kf3 Bxc3 41. bxc3 Bf5 42. Nb3 Bxc2 43. Nc5 a5 44. Nb7 a4 45. Nd6+ Ke6 46. Nxb5 Bd1+ 47. Ke3 Ke5 48. Nd4 g4 49. Kd2 Bb3 50. Ke3 Bd1 51. Kd2 Bb3 52. Ke3 Kd6 53. Nf5+ Kc5 54. Kd3 Bd1 55. Ng3 Bf3 56. Kc2 Kc4 57. Nf1 Be4+ 58. Kb2 Kd3 59. Ng3 Ke3 60. c4 dxc4 0-1

[Event "Warsaw YMCA Autumn-C 129th"]
[Site "Warsaw"]
[Date "2013.11.06"]
[Round "8"]
[White "Wyszomirski, Krzysztof"]
[Black "Szukalski, Antoni"]
[Result "1-0"]
[WhiteElo "1755"]
[BlackElo "1796"]
[PlyCount "51"]
[EventDate "2013.09.16"]
[EventType "tourn"]
[EventRounds "13"]
[EventCountry "POL"]
[SourceTitle "EXT 2015"]
[Source "ChessBase"]
[SourceDate "2014.11.20"]
[SourceVersion "1"]
[SourceVersionDate "2014.11.20"]
[SourceQuality "1"]

1. e4 e5 2. Nf3 Nc6 3. Bb5 a6 4. Ba4 Nf6 5. 0-0 b5 6. Bb3 Be7 7. Re1 d6 8. c3 0-0 9. h3 Na5 10. Bc2 c5 11. d4 Qc7 12. Nbd2 Nc6 13. Nf1 Re8 14. Ne3 Bf8 15. a4 Bb7 16. axb5 axb5 17. Rxa8 Bxa8 18. Nd5 Qd8 19. Bg5 Be7 20. Bxf6 Bxf6 21. dxc5 dxc5 22. Qe2 c4 23. Rd1 Nb8 24. b3 Bxd5 25. Rxd5 cxb3 26. Rxd8 1-0

[Event "Warsaw YMCA Autumn-C 129th"]
[Site "Warsaw"]
[Date "2013.10.09"]
[Round "4"]
[White "Wyszomirski, Krzysztof"]
[Black "Maj, Pawel"]
[Result "1-0"]
[WhiteElo "1755"]
[BlackElo "1732"]
[PlyCount "61"]
[EventDate "2013.09.16"]
[EventType "tourn"]
[EventRounds "13"]
[EventCountry "POL"]
[SourceTitle "EXT 2015"]
[Source "ChessBase"]
[SourceDate "2014.11.20"]
[SourceVersion "1"]
[SourceVersionDate "2014.11.20"]
[SourceQuality "1"]

1. e4 c5 2. Nf3 d6 3. d4 cxd4 4. Nxd4 Nf6 5. Nc3 g6 6. Be3 Bg7 7. f3 0-0 8. Qd2 Nc6 9. g4 Bd7 10. h4 h5 11. g5 Ne8 12. f4 Bg4 13. Be2 Bxe2 14. Ncxe2 e5 15. Nxc6 bxc6 16. f5 d5 17. f6 Nxf6 18. gxf6 Bxf6 19. Bg5 Bxg5 20. hxg5 Qb6 21. 0-0-0 Rab8 22. c3 Rbd8 23. Ng3 d4 24. c4 Qa6 25. b3 Qa3+ 26. Kb1 Rb8 27. Qb2 Qe7 28. Qe2 Qa3 29. Rd3 Kg7 30. Nf5+ gxf5 31. exf5 1-0

[Event "Warsaw YMCA Spring-C 91st"]
[Site "Warsaw"]
[Date "2011.06.15"]
[Round "11"]
[White "Wyszomirski, Krzysztof"]
[Black "Duda, Ryszard"]
[Result "1-0"]
[WhiteElo "1728"]
[BlackElo "1769"]
[PlyCount "81"]
[EventDate "2011.04.06"]
[EventType "tourn"]
[EventRounds "13"]
[EventCountry "POL"]
[SourceTitle "EXT 2019"]
[Source "ChessBase"]
[SourceDate "2018.10.10"]
[SourceVersion "1"]
[SourceVersionDate "2018.10.10"]
[SourceQuality "1"]

1. e4 c5 2. Nf3 Nc6 3. d4 cxd4 4. Nxd4 e6 5. Be3 Nf6 6. Nd2 d5 7. Nxc6 bxc6 8. e5 Nd7 9. f4 Bc5 10. Bxc5 Nxc5 11. Nb3 Ne4 12. Qf3 Qb6 13. Bd3 Nc5 14. Nxc5 Qxc5 15. Qf2 Qb4+ 16. c3 Qe7 17. 0-0 a5 18. Qe2 c5 19. c4 0-0 20. Rae1 Qa7 21. Kh1 g6 22. f5 exf5 23. cxd5 Ba6 24. Bxa6 Qxa6 25. Qe3 Qa7 26. Qh6 f6 27. e6 Qe7 28. Rf3 Rfd8 29. Rd3 Rd6 30. Qe3 Rc8 31. Red1 Kf8 32. Ra3 Qc7 33. Qc3 Qe7 34. Rxa5 Qxe6 35. Rxc5 Rxc5 36. Qxc5 Qd7 37. b4 Kg7 38. b5 Qd8 39. a4 Qb6 40. Qxb6 Rxb6 41. d6 1-0

[Event "Warsaw YMCA Spring-C 91st"]
[Site "Warsaw"]
[Date "2011.06.08"]
[Round "10"]
[White "Koziol, Pawel"]
[Black "Wyszomirski, Krzysztof"]
[Result "1-0"]
[WhiteElo "1814"]
[BlackElo "1728"]
[PlyCount "79"]
[EventDate "2011.04.06"]
[EventType "tourn"]
[EventRounds "13"]
[EventCountry "POL"]
[SourceTitle "EXT 2019"]
[Source "ChessBase"]
[SourceDate "2018.10.10"]
[SourceVersion "1"]
[SourceVersionDate "2018.10.10"]
[SourceQuality "1"]

1. e4 e5 2. Nf3 Nc6 3. Bb5 a6 4. Bxc6 dxc6 5. 0-0 Bd6 6. d3 Ne7 7. Be3 0-0 8. Nbd2 Bg4 9. h3 Bh5 10. g4 Bg6 11. Nh4 Nd5 12. Nxg6 Nxe3 13. fxe3 hxg6 14. Qe1 Qd7 15. Qh4 f6 16. Rf3 Be7 17. Qg3 Kf7 18. Qxe5 Bd6 19. Qc3 Rh8 20. Kf2 Ke7 21. Rh1 a5 22. a3 Rh4 23. Nc4 Qe6 24. Nxd6 cxd6 25. b3 a4 26. bxa4 Rah8 27. Qb4 Qd7 28. Rg3 Ke8 29. Kg2 f5 30. Rb1 b5 31. axb5 c5 32. Qa5 fxg4 33. b6 Rxh3 34. Rxh3 gxh3+ 35. Kh2 Qg4 36. Qd2 Qg5 37. b7 Qe5+ 38. Kh1 Kd7 39. Qh2 Qf6 40. Qf4 1-0

[Event "Warsaw YMCA Spring-C 91st"]
[Site "Warsaw"]
[Date "2011.05.13"]
[Round "6"]
[White "Wyszomirski, Krzysztof"]
[Black "Palka, Dominika"]
[Result "0-1"]
[WhiteElo "1728"]
[BlackElo "1766"]
[PlyCount "42"]
[EventDate "2011.04.06"]
[EventType "tourn"]
[EventRounds "13"]
[EventCountry "POL"]
[SourceTitle "EXT 2019"]
[Source "ChessBase"]
[SourceDate "2018.10.10"]
[SourceVersion "1"]
[SourceVersionDate "2018.10.10"]
[SourceQuality "1"]

1. e4 e5 2. Nf3 Nc6 3. Bb5 a6 4. Ba4 g6 5. 0-0 Bg7 6. c3 d6 7. d4 b5 8. Bb3 exd4 9. Bd5 Nge7 10. Nxd4 Bd7 11. Bg5 f6 12. Bh4 Nxd5 13. Nxc6 Bxc6 14. exd5 Bd7 15. Re1+ Kf7 16. Qf3 h5 17. h3 Bh6 18. Na3 g5 19. Qxh5+ Kg7 20. Bg3 g4 21. Re4 Bg5 0-1

[Event "POL Region-ch U13"]
[Site "Lochow"]
[Date "2010.10.24"]
[Round "2.3"]
[White "Nowak, Lukasz1111"]
[Black "Wyszomirski, Krzysztof"]
[Result "1-0"]
[WhiteElo "1546"]
[BlackElo "1763"]
[PlyCount "85"]
[EventDate "2010.10.23"]
[EventType "swiss"]
[EventRounds "7"]
[EventCountry "POL"]
[SourceTitle "EXT 2023"]
[Source "ChessBase"]
[SourceDate "2022.10.05"]
[SourceVersion "1"]
[SourceVersionDate "2022.10.05"]
[SourceQuality "1"]

1. e4 c5 2. Nf3 Nc6 3. d4 cxd4 4. Nxd4 e6 5. Nc3 Nf6 6. Be3 Bb4 7. Bd3 Ne5 8. Nde2 d5 9. exd5 Nxd5 10. 0-0 Nxe3 11. fxe3 Bc5 12. Bb5+ Bd7 13. Bxd7+ Qxd7 14. Qxd7+ Nxd7 15. Nd1 Ne5 16. Kh1 Rd8 17. Nec3 Rd2 18. Rc1 0-0 19. Ne4 Rd5 20. c4 Nd3 21. cxd5 Nxc1 22. Nxc5 Rc8 23. Nc3 Rxc5 24. Rxc1 exd5 25. Ne2 Rxc1+ 26. Nxc1 Kf8 27. Kg1 Ke7 28. Kf2 f5 29. Nd3 Kd6 30. Kf3 g5 31. g4 d4 32. gxf5 dxe3 33. Kxe3 h5 34. Ke4 h4 35. h3 b5 36. Ne5 a5 37. f6 Ke6 38. f7 Ke7 39. Kf5 b4 40. b3 Kf8 41. Kxg5 a4 42. bxa4 b3 43. axb3 1-0

[Event "Milanowek-ch"]
[Site "Milanowek"]
[Date "2010.07.02"]
[Round "7"]
[White "Wyszomirski, Krzysztof"]
[Black "Rozycki, Bartlomiej"]
[Result "1-0"]
[WhiteElo "1736"]
[BlackElo "1740"]
[PlyCount "57"]
[EventDate "2010.06.26"]
[EventType "swiss"]
[EventRounds "9"]
[EventCountry "POL"]
[SourceTitle "EXT 2011"]
[Source "ChessBase"]
[SourceDate "2010.11.26"]
[SourceVersion "1"]
[SourceVersionDate "2010.11.26"]
[SourceQuality "1"]

1. e4 c5 2. Nf3 Nc6 3. d4 cxd4 4. Nxd4 Nf6 5. Nc3 e6 6. a3 d5 7. exd5 Nxd5 8. Nxc6 bxc6 9. Qf3 Bd6 10. Bd3 Qc7 11. Nxd5 cxd5 12. h3 0-0 13. c4 Bb7 14. cxd5 Bxd5 15. Be4 Bxe4 16. Qxe4 a5 17. 0-0 a4 18. Bd2 Bh2+ 19. Kh1 Be5 20. Rac1 Qb8 21. Bb4 Rd8 22. Rc2 Qb5 23. Rfc1 Qd5 24. Qe2 f6 25. Qg4 Qb3 26. Rc4 f5 27. Qe2 Qxb2 28. R4c2 Qd4 29. Bc3 1-0

[Event "Warsaw Ursus op 4th"]
[Site "Warsaw"]
[Date "2010.06.06"]
[Round "9"]
[White "Grochulski, Grzegorz"]
[Black "Wyszomirski, Krzysztof"]
[Result "1-0"]
[WhiteElo "2026"]
[BlackElo "1736"]
[PlyCount "55"]
[EventDate "2010.05.29"]
[EventType "swiss"]
[EventRounds "9"]
[EventCountry "POL"]
[SourceTitle "CBM 136 Extra"]
[Source "ChessBase"]
[SourceDate "2010.07.02"]
[SourceVersion "2"]
[SourceVersionDate "2010.07.15"]
[SourceQuality "1"]

1. e4 c5 2. Nf3 Nc6 3. d4 cxd4 4. Nxd4 e6 5. Nc3 a6 6. Be3 Nf6 7. Bd3 Ne5 8. f4 Nxd3+ 9. Qxd3 d6 10. 0-0-0 b5 11. e5 dxe5 12. fxe5 Nd5 13. Nxd5 Qxd5 14. Qc3 Bb7 15. Qa5 Rc8 16. Kb1 Be7 17. Nf5 Qxe5 18. Nxe7 Kxe7 19. Qb4+ Ke8 20. Bd4 Qe4 21. Rhe1 Qxc2+ 22. Ka1 Qc4 23. Qd6 Qd5 24. Qf4 Rd8 25. Rd2 Qd6 26. Qg5 Bd5 27. Qxg7 Qf8 28. Qxh8 1-0

[Event "Warsaw Ursus op 4th"]
[Site "Warsaw"]
[Date "2010.06.05"]
[Round "7"]
[White "Malec, Sebastian"]
[Black "Wyszomirski, Krzysztof"]
[Result "1-0"]
[WhiteElo "2114"]
[BlackElo "1736"]
[PlyCount "73"]
[EventDate "2010.05.29"]
[EventType "swiss"]
[EventRounds "9"]
[EventCountry "POL"]
[SourceTitle "CBM 136 Extra"]
[Source "ChessBase"]
[SourceDate "2010.07.02"]
[SourceVersion "2"]
[SourceVersionDate "2010.07.15"]
[SourceQuality "1"]

1. e4 c5 2. Nf3 Nc6 3. d4 cxd4 4. Nxd4 e6 5. Nc3 a6 6. Nxc6 bxc6 7. Bd3 d5 8. 0-0 Bd6 9. f4 Ne7 10. Kh1 c5 11. b3 Bb7 12. Qg4 d4 13. Na4 Ng6 14. f5 h5 15. Qh3 exf5 16. Qxf5 Qe7 17. Bg5 Qe6 18. Nxc5 Bxc5 19. Qxc5 Rc8 20. Qf5 Qxf5 21. exf5 Ne5 22. Rae1 f6 23. Bf4 Kf7 24. Bxe5 fxe5 25. Rxe5 Rhe8 26. Rfe1 Rxe5 27. Rxe5 Re8 28. Rxe8 Kxe8 29. Kg1 Ke7 30. g3 Kd6 31. Kf2 Kc5 32. a3 Kd5 33. Kg2 Ke5+ 34. Kh3 a5 35. Kh4 Bf3 36. Kg5 Be4 37. Kg6 1-0

[Event "Warsaw Four Seasons op 3rd"]
[Site "Warsaw"]
[Date "2010.01.30"]
[Round "7"]
[White "Wyszomirski, Krzysztof"]
[Black "Sacharewicz, Krzysztof"]
[Result "1-0"]
[WhiteElo "1713"]
[BlackElo "1396"]
[PlyCount "39"]
[EventDate "2010.01.23"]
[EventType "swiss"]
[EventRounds "9"]
[EventCountry "POL"]
[SourceTitle "EXT 2011"]
[Source "ChessBase"]
[SourceDate "2010.11.26"]
[SourceVersion "1"]
[SourceVersionDate "2010.11.26"]
[SourceQuality "1"]

1. e4 e5 2. Nf3 d6 3. d4 exd4 4. Nxd4 Nf6 5. Nc3 Bd7 6. f3 Nc6 7. Be3 g6 8. Qd2 Bg7 9. g4 h6 10. h4 Qe7 11. 0-0-0 a6 12. Bc4 0-0-0 13. Rhe1 Ne5 14. Be2 Nfxg4 15. fxg4 Nxg4 16. Nd5 Qxe4 17. Bf3 Qe8 18. Qa5 b6 19. Qxa6+ Kb8 20. Nxb6 1-0

[Event "Warsaw Four Seasons op 3rd"]
[Site "Warsaw"]
[Date "2010.01.24"]
[Round "5"]
[White "Wyszomirski, Krzysztof"]
[Black "Eggink, Ryszard"]
[Result "0-1"]
[WhiteElo "1713"]
[BlackElo "1897"]
[PlyCount "68"]
[EventDate "2010.01.23"]
[EventType "swiss"]
[EventRounds "9"]
[EventCountry "POL"]
[SourceTitle "EXT 2011"]
[Source "ChessBase"]
[SourceDate "2010.11.26"]
[SourceVersion "1"]
[SourceVersionDate "2010.11.26"]
[SourceQuality "1"]

1. e4 c5 2. Nf3 d6 3. d4 cxd4 4. Nxd4 Nf6 5. Nc3 g6 6. f3 Bg7 7. Be3 0-0 8. g4 Nc6 9. Qd2 Bd7 10. h4 h5 11. g5 Ne8 12. f4 Nxd4 13. Bxd4 Nc7 14. Bxg7 Kxg7 15. Bd3 Bg4 16. Qe3 Kh7 17. Be2 Bxe2 18. Qxe2 d5 19. 0-0-0 Qd6 20. Rhf1 d4 21. Qc4 Rad8 22. Ne2 b5 23. Qxd4 Qa6 24. Qc5 Qxa2 25. Nc3 Qa1+ 26. Nb1 Rc8 27. Qxe7 Qa4 28. Rf2 Ne6 29. f5 Nc5 30. fxg6+ Kxg6 31. Rd6+ Kg7 32. Qe5+ Kg8 33. g6 Qxe4 34. Qxh5 Qe1+ 0-1

[Event "Warsaw Four Seasons op 3rd"]
[Site "Warsaw"]
[Date "2010.01.24"]
[Round "3"]
[White "Wyszomirski, Krzysztof"]
[Black "Kozakow, Mikolaj"]
[Result "1/2-1/2"]
[WhiteElo "1713"]
[BlackElo "1522"]
[PlyCount "74"]
[EventDate "2010.01.23"]
[EventType "swiss"]
[EventRounds "9"]
[EventCountry "POL"]
[SourceTitle "EXT 2011"]
[Source "ChessBase"]
[SourceDate "2010.11.26"]
[SourceVersion "1"]
[SourceVersionDate "2010.11.26"]
[SourceQuality "1"]

1. e4 e5 2. Nf3 Nc6 3. Bb5 a6 4. Ba4 Nf6 5. 0-0 d6 6. Re1 b5 7. Bb3 Bg4 8. c3 Be7 9. a4 0-0 10. Na3 b4 11. Nc2 Na5 12. Nxb4 Bxf3 13. gxf3 Nh5 14. d3 Bg5 15. Bxg5 Qxg5+ 16. Kh1 Qh4 17. Rf1 Nxb3 18. Qxb3 c5 19. Nd5 Rab8 20. Qc2 f5 21. Qe2 Qh3 22. Rab1 fxe4 23. fxe4 Rf3 24. Rg1 Rbf8 25. Rbf1 Ng3+ 26. fxg3 Rxf1 27. Ne7+ Kh8 28. Nf5 Rxg1+ 29. Kxg1 Rd8 30. Ne3 Qd7 31. Qc2 Qc7 32. Kg2 Rb8 33. Nc4 Qb7 34. Qe2 Qc6 35. a5 Re8 36. Nb6 Qb5 37. Nc4 Qc6 1/2-1/2

[Event "Warsaw Four Seasons op 3rd"]
[Site "Warsaw"]
[Date "2010.01.23"]
[Round "2"]
[White "Matuszewski, Michal"]
[Black "Wyszomirski, Krzysztof"]
[Result "1-0"]
[WhiteElo "2299"]
[BlackElo "1713"]
[PlyCount "61"]
[EventDate "2010.01.23"]
[EventType "swiss"]
[EventRounds "9"]
[EventCountry "POL"]
[SourceTitle "EXT 2011"]
[Source "ChessBase"]
[SourceDate "2010.11.26"]
[SourceVersion "1"]
[SourceVersionDate "2010.11.26"]
[SourceQuality "1"]

1. d4 Nf6 2. c4 g6 3. Nc3 Bg7 4. e4 0-0 5. Nf3 d6 6. Be2 e5 7. Be3 Nbd7 8. d5 Ne8 9. g4 a5 10. Qc2 Nc5 11. Rg1 Kh8 12. 0-0-0 b6 13. h4 h6 14. g5 h5 15. Ne1 f5 16. gxf6 Qxf6 17. Nf3 Bd7 18. Rg3 c6 19. Rdg1 Kh7 20. Ng5+ Kh8 21. Qd1 Nc7 22. Bxh5 Be8 23. Be2 cxd5 24. exd5 b5 25. h5 b4 26. Nce4 Nxe4 27. Nxe4 Qf5 28. Nxd6 Qd7 29. Nxe8 Rfxe8 30. Rxg6 Rec8 31. Bg4 1-0

[Event "Szachylice op"]
[Site "Szachylice"]
[Date "2010.01.01"]
[Round "7.3"]
[White "Wyszomirski, Krzysztof"]
[Black "Nowicki, Bartosz"]
[Result "1-0"]
[WhiteElo "1713"]
[BlackElo "1985"]
[PlyCount "71"]
[EventDate "2009.12.27"]
[EventType "swiss"]
[EventRounds "9"]
[EventCountry "POL"]
[SourceTitle "EXT 2023"]
[Source "ChessBase"]
[SourceDate "2022.10.05"]
[SourceVersion "1"]
[SourceVersionDate "2022.10.05"]
[SourceQuality "1"]

1. e4 c5 2. Nf3 d6 3. d4 cxd4 4. Nxd4 Nf6 5. Nc3 a6 6. f3 e5 7. Nb3 Be6 8. Be3 h5 9. Nd5 Bxd5 10. exd5 Nbd7 11. c4 a5 12. Bd3 g6 13. 0-0 b6 14. Qe2 h4 15. f4 Be7 16. Rae1 Kf8 17. fxe5 Nxe5 18. Bb1 Kg7 19. Nd4 Rc8 20. b3 Nfd7 21. Qd2 Bf6 22. Bf4 Re8 23. Nb5 Nc5 24. Re2 Qd7 25. Bh6+ Kh7 26. Rxf6 Ng4 27. Rxd6 Rxe2 28. Qxe2 Qe8 29. Qxe8 Rxe8 30. Bd2 Re2 31. Bc3 Ne3 32. Rd8 Kh6 33. Bf6 Rxg2+ 34. Kh1 Kh5 35. h3 Ng4 36. Rh8+ 1-0

[Event "Szachylice op"]
[Site "Szachylice"]
[Date "2009.12.30"]
[Round "6.5"]
[White "Kosior, Artur"]
[Black "Wyszomirski, Krzysztof"]
[Result "1/2-1/2"]
[WhiteElo "1603"]
[BlackElo "1713"]
[PlyCount "90"]
[EventDate "2009.12.27"]
[EventType "swiss"]
[EventRounds "9"]
[EventCountry "POL"]
[SourceTitle "EXT 2023"]
[Source "ChessBase"]
[SourceDate "2022.10.05"]
[SourceVersion "1"]
[SourceVersionDate "2022.10.05"]
[SourceQuality "1"]

1. e4 c5 2. Bc4 e6 3. Bb3 Nc6 4. Nc3 a6 5. d3 Nf6 6. f4 d5 7. e5 Nd7 8. Qg4 b5 9. a3 Nd4 10. Nf3 Nxb3 11. cxb3 Nb8 12. 0-0 Nc6 13. Bd2 g6 14. h3 Bg7 15. Be1 h5 16. Qg3 Ne7 17. Qh2 Nf5 18. Bf2 Qe7 19. Ne2 Bb7 20. Rac1 Rc8 21. Rc2 d4 22. Ng3 Nxg3 23. Bxg3 h4 24. Be1 Bxf3 25. Rxf3 0-0 26. g3 hxg3 27. Qxg3 Qd7 28. Rg2 f6 29. Qxg6 fxe5 30. Rfg3 Rf7 31. fxe5 Kf8 32. Bd2 Bxe5 33. Rg5 Bf6 34. Qh6+ Ke7 35. Rg6 Qd5 36. Rf2 Rcf8 37. b4 c4 38. Rgxf6 Rxf6 39. Rxf6 Rxf6 40. Bg5 Qf3 41. Qg7+ Kd6 42. Bxf6 Qe3+ 43. Kg2 Qe2+ 44. Kg1 Qe3+ 45. Kg2 Qe2+ 1/2-1/2